Государственная информация и демократизация общества (Запись № 1149730)

Подробности
000 -МАРКЕР
контрольное поле 01976nam0a2200409 4500
001 - ИДЕНТИФИКАТОР ЗАПИСИ
контрольное поле RU\NLR\bibl\202168
005 - ИДЕНТИФИКАТОР ВЕРСИИ
контрольное поле 20260405121800.0
010 ## - МЕЖДУНАРОДНЫЙ СТАНДАРТНЫЙ НОМЕР КНИГИ (ISBN)
Номер (ISBN) 5-8192-0104-3
Тираж 500
021 ## - НОМЕР ГОСУДАРСТВЕННОЙ РЕГИСТРАЦИИ
Код страны Российская Федерация
Номер 2001-54565
Номер Листа государственной регистраци 2649
035 ## - ДРУГИЕ СИСТЕМНЫЕ НОМЕРА
Идентификатор записи (NLR Aleph) 000198485
100 ## - ДАННЫЕ ОБЩЕЙ ОБРАБОТКИ
Данные общей обработки 20011113d2001 |||y0rusy50 ca
101 0# - ЯЗЫК РЕСУРСА
Язык текста, звукозаписи и т.д. русский
102 ## - СТРАНА ПУБЛИКАЦИИ ИЛИ ПРОИЗВОДСТВА
Страна публикации Российская Федерация
105 ## - ПОЛЕ КОДИРОВАННЫХ ДАННЫХ: ТЕКСТОВЫЕ МАТЕРИАЛЫ, МОНОГРАФИЧЕСКИЕ
Кодированные данные о монографическом текстовом документе a |||||||||
135 ## - ПОЛЕ КОДИРОВАННЫХ ДАННЫХ: ЭЛЕКТРОННЫЕ РЕСУРСЫ
Кодированные данные для электронного ресурса crmn mmmanaba
200 1# - ЗАГЛАВИЕ И СВЕДЕНИЯ ОБ ОТВЕТСТВЕННОСТИ
Основное заглавие Государственная информация и демократизация общества
Сведения, относящиеся к заглавию Материалы Междунар. конф. (15-16.05.2000)
Первые сведения об ответственности [Сост. А.А. Викулин
Последующие сведения об ответственности Редкол.: В.Р. Фирсов и др.]
210 ## - ПУБЛИКАЦИЯ, РАСПРОСТРАНЕНИЕ И ДР.
Место издания, распространения и т.д. СПб.
Имя издателя, распространителя и т. д. Изд-во Рос. нац. б-ка
Дата издания, распространения и т.д. 2001
215 ## - ФИЗИЧЕСКАЯ ХАРАКТЕРИСТИКА
Специфическое обозначение материала и объем 288 с.
Другие сведения о физической характеристике ил.
Размеры 20
300 ## - ОБЩИЕ ПРИМЕЧАНИЯ
Текст примечания В надзаг.: Рос. библ. ассоц., Рос. нац. б-ка, Нем. культ. центр им. Гете и др.
320 ## - ПРИМЕЧАНИЯ О НАЛИЧИИ В ДОКУМЕНТЕ БИБЛИОГРАФИИ / УКАЗАТЕЛЯ
Текст примечания Библиогр.: с. 255-256 (3 назв.)
325 ## - ПРИМЕЧАНИЕ О КОПИИ
Текст примечания Копия доступна в Электрон. б-ке РНБ
606 0# - НАИМЕНОВАНИЕ ТЕМЫ КАК ПРЕДМЕТ
Наименование темы Информация
Формальный подзаголовок Съезды, совещания и т.п.
Тематический подзаголовок Защита
-- Правовые вопросы
Системный номер авторитетной/нормативной записи 2055283
Идентификатор авторитетной/нормативной записи RU\NLR\auth\661232502
606 0# - НАИМЕНОВАНИЕ ТЕМЫ КАК ПРЕДМЕТ
Наименование темы Информация правовая
Формальный подзаголовок Съезды, совещания и т.п.
Системный номер авторитетной/нормативной записи 1131083
Идентификатор авторитетной/нормативной записи RU\NLR\auth\66129995
686 ## - ИНДЕКСЫ ДРУГИХ КЛАССИФИКАЦИЙ
Индекс Х62ф.я431
686 ## - ИНДЕКСЫ ДРУГИХ КЛАССИФИКАЦИЙ
Индекс Х916.9я431
702 #1 - ИМЯ ЛИЦА - ВТОРИЧНАЯ ОТВЕТСТВЕННОСТЬ
Начальный элемент ввода Викулин
Часть имени, кроме начального элемента ввода А. А.
Код отношения Составитель
702 #1 - ИМЯ ЛИЦА - ВТОРИЧНАЯ ОТВЕТСТВЕННОСТЬ
Код отношения Редактор
Графика поля Кириллица
Материалы, к которым относится поле rus
Начальный элемент ввода Фирсов
Часть имени, кроме начального элемента ввода В. Р.
Даты 1952-
Расширение инициалов личного имени Владимир Руфинович
Системный номер авторитетной/нормативной записи 30677
Идентификатор авторитетной/нормативной записи RU\NLR\auth\7747742
801 #0 - ИСТОЧНИК ЗАПИСИ
Страна Российская Федерация
Организация NLR
Дата составления 20011113
Правила каталогизации PSBO
801 #1 - ИСТОЧНИК ЗАПИСИ
Страна Российская Федерация
Организация NLR
Дата составления 20011113
942 ## - ДОПОЛНИТЕЛЬНЫЕ ЭЛЕМЕНТЫ ЗАПИСИ (АБИС)
Тип экземпляра АБИС Книга
980 ## - КОЛЛЕКЦИЯ
Название коллекции Национальная библиография
981 18 - КОЛЛЕКЦИЯ ЭЛЕКТРОННОЙ БИБЛИОТЕКИ
Название коллекции Планета РНБ
Название подколлекции Труды сотрудников РНБ
Экземпляры
Тип экземпляра Дата поступления Источник поступления Библиотека постоянного хранения Библиотека текущего хранения Место хранения Шифр хранения Штрих-код Статус экземпляра Стоимость
Книга 13.11.2001 Подсобные фонды РНБ РНБ (Московский) РНБ (Московский) Русский книжный фонд: издания с 1957 года 2001-3/16730 1-3435224    
Книга 18.03.2002 Обязательный экземпляр РНБ (Московский) РНБ (Московский) Русский книжный фонд: издания с 1957 года 2001-3/16730 233046    
Книга 18.03.2002 Обязательный экземпляр РНБ (Московский) РНБ (Московский) Обменный фонд   1-938641   80.00
Книга 20.05.2021   РНБ (Московский) РНБ (Московский) Обменный фонд обм 2021/144 1-938375   150.00
Книга 24.05.2024 Контрольный экземпляр из типографии РНБ (Московский) РНБ (Московский) Обменный фонд обм 2025/204 1-4602606 Доставлен в Фoнд 40.00